Statistics for Legendary and mythical pokemon quiz

Click here to take the quiz!

General Stats

  • This quiz has been taken 9 times
  • The average score is 34 of 94

Answer Stats

RegionAnswer% Correct
KantoArticuno
100%
JohtoCelebi
100%
JohtoEntei
100%
KantoMew
100%
KantoMewtwo
100%
KantoMoltres
100%
JohtoRaikou
100%
KantoZapdos
100%
SinnohDarkrai
86%
SinnohDialga
86%
JohtoHo oh
86%
JohtoLugia
86%
SinnohPalkia
86%
JohtoSuicune
86%
SinnohAzelf
71%
HoennJirachi
71%
SinnohMesprit
71%
HoennRegice
71%
HoennRegirock
71%
HoennRegisteel
71%
SinnohUxie
71%
SinnohArceus
57%
SinnohCresselia
57%
HoennDeoxys
57%
SinnohGiratina
57%
HoennGroudon
57%
HoennKyogre
57%
HoennRayquaza
57%
SinnohHeatran
43%
HoennLatias
43%
HoennLatios
43%
SinnohRegigigas
43%
UnovaReshiram
43%
SinnohShaymin
43%
UnovaCobalion
29%
PaldeaKoraidon
29%
UnovaKyurem
29%
UnovaLandorus
29%
AlolaLunala
29%
SinnohManaphy
29%
SinnohManaphy
29%
PaldeaMiraidon
29%
SinnohPhione
29%
AlolaSolgaleo
29%
AlolaTapu Bulu
29%
UnovaTerrakion
29%
UnovaThundurus
29%
UnovaTornadus
29%
UnovaVictini
29%
UnovaVirizion
29%
KalosXerneas
29%
KalosYveltal
29%
GalarZacian
29%
GalarZamazenta
29%
UnovaZekrom
29%
PaldeaChien Pao
14%
PaldeaChi Yu
14%
AlolaCosmoem
14%
AlolaCosmog
14%
KalosDiancie
14%
HisuiEnamorus
14%
PaldeaFezandipiti
14%
UnovaGenesect
14%
UnovaKeldeo
14%
AlolaMelmetal
14%
UnovaMeloetta
14%
AlolaMeltan
14%
PaldeaMunkidori
14%
AlolaNecrozma
14%
PaldeaOkidogi
14%
GalarRegidrago
14%
GalarRegieleki
14%
AlolaTapu Fini
14%
AlolaTapu Koko
14%
AlolaTapu Lele
14%
PaldeaTing Lu
14%
PaldeaWo chien
14%
KalosZygarde
14%
GalarCalyrex
0%
GalarEternatus
0%
GalarGlastrier
0%
KalosHoopa
0%
PaldeaIron Leaves
0%
GalarKubfu
0%
AlolaMagearna
0%
AlolaMarshadow
0%
PaldeaOgerpon
0%
GalarSpectrier
0%
PaldeaTerapagos
0%
GalarUrshifu
0%
KalosVolcanion
0%
PaldeaWalking Wake
0%
GalarZarude
0%
AlolaZeraora
0%

Score Distribution

Percentile by Number Answered

Percent of People with Each Score

Your Score History

You have not taken this quiz